| Поле | Название | Значение |
| |
Тип записи |
c |
| |
Библиографический уровень |
m |
| 001 |
Контрольный номер |
UONB/MAIN/fc6e7fd9e7f24947ad7cd9ed2b853dc0 |
| 005 |
Дата корректировки |
20251028125212.9 |
| 010 |
Индекс ISBN |
__ |
| 9 |
Тираж |
13000 экз. |
| 013 |
Номер (ISMN) |
__ |
| d |
Цена |
95 к. |
| 071 |
Издательские номер (звукозапись и ноты) |
21 |
| a |
Номер, присвоенный агентством |
1460 |
| 100 |
Данные общей обработки |
__ |
| a |
Данные общей обработки |
20250907d1965 u y0rusy0189 ca |
| 101 |
Язык документа |
0_ |
| a |
Язык текста |
rus |
| f |
Язык титульного листа |
rus |
| 102 |
Страна публикации |
__ |
| a |
Страна публикации |
RU |
| 125 |
Кодированные данные звукозаписи и нотных изданий |
__ |
| a |
Форма изложения нотного текста |
с| |
| 128 |
Кодированные данные (звукозаписи-физические характеристики) |
__ |
| a |
Кодированные данные: Музыкальная форма и тональность или лад |
li |
| c |
Инструменты или голоса, рекомендуемые для солистов (устаревшее) |
vu|| |
| 200 |
Заглавие и сведения об ответственности |
1_ |
| a |
Заглавие |
Старинные русские романсы |
| e |
Сведения, относящиеся к заглавию |
для голоса в сопровождении фортепиано |
| 203 |
Вид содержания и тип средства |
__ |
| a |
Вид содержания |
Музыка |
| b |
Характеристика содержания |
знаковая |
| c |
Тип средства |
непосредственная |
| 210 |
Выходные данные |
1_ |
| a |
Место издания |
Москва |
| c |
Издательство |
Музыка |
| d |
Дата издания |
1965 |
| 215 |
Физическое описание |
__ |
| a |
Объем |
76 с. |
| d |
Формат |
29 см |
| 327 |
Примечание о содержании |
11 |
| a |
Примечание о содержании |
Содерж.: Кашеваров С. Тишина / сл. Н. Хвостова. Плотников Б. Сладким запахом сирени / сл. неизв. автора. Греве-Соболевская Е. И тихо, и ясно / сл. Медведского. Малашкин Л. О, если б мог выразить в звуке / сл. Г. Лишина. Врангель В. Ты мое утро / сл. М. Давидовой. Блейхман Ю. Уста мои молчат... / сл. Ф. Белозорова. Кочетова А. Ты помнишь ли, над морем мы сидели... / сл. Г. Клечанова. Петров А. Не верь! / сл. Червинского. Музыка неизвестного автора. Я встретил вас / сл. Ф. Тютчева : ред. И. С. Козловского. Абаза В. Утро туманное / сл. И. Тургенева. Обухов А. Калитка / сл. и муз. А. Обухова. Муз. неизвестного автора. Нет, не тебя так пылко я люблю / сл. М. Лермонтова. Муз. и сл. неизвестного автора. Тихо, так тихо / обработка М. Сахарова. Листов Н. Я помню вальса звук прелестный / сл. и муз. Н. Листова. Б. Б. Дремлют плакучие ивы / сл. А. Тимофеева. Муз. неизвестного автора. Темно-вишневая шаль / обраб. В. Подольской. Толстая Т. Я тебе ничего не скажу / сл. А. Фета. Тихо все / сл. и муз. Т. Толстой. Гуэрчиа А. Нет, не любил он... / сл. неизв. автора. Перотте М. Он виноват / сл. М. Перроте. Фальбинов. Как хороши те очи! / сл. Н. Дулькевич. Толстой М. Мы вышли в сад / сл. А. Толстой. Борисов В. Звезды на небе / сл. Е. Дитерихс. Кушелев-Безбородко Г. Тебя здесь нет, но ты со мною ; Что ты клонишь над водами / сл. Ф. Тютчева. Шишкин М. Ночь светла... Донауров С. Песня удалая... Тарновская Е. Я помню все... / сл. А. Плещеева. Шереметев Б. Я вас любил / сл. А. Пушкина |
| 464 |
Аналитический уровень |
_0 |
| 1 |
|
036 |
| t |
|
Не дрожит на деревьях листва... |
| 1 |
|
700 1 |
| a |
|
Кашеваров |
| b |
|
С. |
| 1 |
|
702 1 |
| a |
|
Хвостов |
| b |
|
Н. |
| 4 |
|
520 |
| 1 |
|
2001 |
| a |
|
Тишина |
| 464 |
Аналитический уровень |
_0 |
| 1 |
|
700 1 |
| a |
|
Плотников |
| b |
|
Б. |
| 1 |
|
702 1 |
| a |
|
Слова неизвестного автора |
| 4 |
|
520 |
| 1 |
|
2001 |
| a |
|
Сладким запахом сирени |
| 464 |
Аналитический уровень |
_0 |
| 1 |
|
700 1 |
| a |
|
Греве-Соболевская |
| b |
|
Е. |
| 1 |
|
702 1 |
| a |
|
Медведский |
| 4 |
|
520 |
| 1 |
|
2001 |
| a |
|
И тихо, и ясно |
| 464 |
Аналитический уровень |
_0 |
| 1 |
|
700 1 |
| a |
|
Малашкин |
| b |
|
Л. |
| 1 |
|
702 1 |
| a |
|
Лишин |
| b |
|
Г. |
| 4 |
|
520 |
| 1 |
|
2001 |
| a |
|
О, если б мог выразить в звуке |
| 464 |
Аналитический уровень |
_0 |
| 1 |
|
700 1 |
| a |
|
Врангель |
| b |
|
В. |
| 1 |
|
702 1 |
| a |
|
Давидова |
| b |
|
М. |
| 4 |
|
520 |
| 1 |
|
2001 |
| a |
|
Ты мое утро |
| 464 |
Аналитический уровень |
_0 |
| 1 |
|
700 1 |
| a |
|
Блейхман |
| b |
|
Ю. |
| 1 |
|
702 1 |
| a |
|
Белозоров |
| b |
|
Ф. |
| 4 |
|
520 |
| 1 |
|
2001 |
| a |
|
Уста мои молчат... |
| 464 |
Аналитический уровень |
_0 |
| 1 |
|
700 1 |
| a |
|
Кочетова |
| b |
|
А. |
| 1 |
|
702 1 |
| a |
|
Клечанов |
| b |
|
Г. |
| 4 |
|
520 |
| 1 |
|
2001 |
| a |
|
Ты помнишь ли, над морем мы сидели... |
| 464 |
Аналитический уровень |
_0 |
| 1 |
|
036 |
| t |
|
Рождались звезды, зорька догорала... |
| 1 |
|
700 1 |
| a |
|
Петров |
| b |
|
А. |
| 1 |
|
702 1 |
| a |
|
Червинский |
| 1 |
|
2001 |
| a |
|
Не верь! |
| 464 |
Аналитический уровень |
_0 |
| 1 |
|
700 1 |
| a |
|
Музыка неизвестного автора |
| 1 |
|
702 1 |
| a |
|
Тютчев |
| b |
|
Ф. |
| 4 |
|
520 |
| 1 |
|
702 1 |
| a |
|
Козловский |
| b |
|
И. С. |
| 4 |
|
340 |
| 1 |
|
2001 |
| a |
|
Я встретил вас... |
| 464 |
Аналитический уровень |
_0 |
| 1 |
|
036 |
| t |
|
Утро туманное, утро седое... |
| 1 |
|
700 1 |
| a |
|
Абаза |
| b |
|
В. |
| 1 |
|
702 1 |
| a |
|
Тургенев |
| b |
|
И. |
| 4 |
|
520 |
| 1 |
|
2001 |
| a |
|
Утро туманное |
| 464 |
Аналитический уровень |
_0 |
| 1 |
|
036 |
| t |
|
Лишь только вечер затемнится синий... |
| 1 |
|
700 1 |
| a |
|
Обухов |
| b |
|
А. |
| 1 |
|
702 1 |
| a |
|
Обухов |
| b |
|
А. |
| 4 |
|
520 |
| 1 |
|
2001 |
| a |
|
Калитка |
| 464 |
Аналитический уровень |
_0 |
| 1 |
|
700 1 |
| a |
|
Музыка неизвестного автора |
| 1 |
|
702 1 |
| a |
|
Лермонтов |
| b |
|
М. |
| 4 |
|
520 |
| 1 |
|
2001 |
| a |
|
Нет, не тебя так пылко я люблю... |
| 464 |
Аналитический уровень |
_0 |
| 1 |
|
700 1 |
| a |
|
Музыка неизвестного автора |
| 1 |
|
702 1 |
| a |
|
Слова неизвестного автора |
| 4 |
|
520 |
| 1 |
|
702 1 |
| a |
|
Сахаров |
| b |
|
М. |
| 4 |
|
030 |
| 1 |
|
2001 |
| a |
|
Тихо, так тихо... |
| 464 |
Аналитический уровень |
_0 |
| 1 |
|
700 1 |
| a |
|
Листов |
| b |
|
Н. |
| 1 |
|
702 1 |
| a |
|
Листов |
| b |
|
Н. |
| 4 |
|
520 |
| 1 |
|
2001 |
| a |
|
Я помню вальса звук прелестный... |
| 464 |
Аналитический уровень |
_0 |
| 1 |
|
700 1 |
| a |
|
Б. Б. |
| 1 |
|
702 1 |
| a |
|
Тимофеев |
| b |
|
А. |
| 4 |
|
520 |
| 1 |
|
2001 |
| a |
|
Дремлют плакучие ивы... |
| 464 |
Аналитический уровень |
_0 |
| 1 |
|
036 |
| t |
|
Я о прошлом теперь не мечтаю... |
| 1 |
|
700 1 |
| a |
|
Музыка неизвестного автора |
| 1 |
|
702 1 |
| a |
|
Слова неизвестного автора |
| 4 |
|
520 |
| 1 |
|
702 1 |
| a |
|
Подольская |
| b |
|
В. |
| 4 |
|
030 |
| 1 |
|
2001 |
| a |
|
Темно-вишневая шаль |
| 464 |
Аналитический уровень |
_0 |
| 1 |
|
700 1 |
| a |
|
Толстая |
| b |
|
Т. |
| 1 |
|
702 1 |
| a |
|
Фет |
| b |
|
А. |
| 4 |
|
520 |
| 1 |
|
2001 |
| a |
|
Я тебе ничего не скажу... |
| 464 |
Аналитический уровень |
_0 |
| 1 |
|
036 |
| t |
|
Тихо все, ночь нависла над сонной рекой... |
| 1 |
|
700 1 |
| a |
|
Толстая |
| b |
|
Т. |
| 1 |
|
702 1 |
| a |
|
Толстая |
| b |
|
Т. |
| 1 |
|
2001 |
| a |
|
Тихо все... |
| 464 |
Аналитический уровень |
_0 |
| 1 |
|
036 |
| t |
|
Он говорил мне: "Будь ты моею..." |
| 1 |
|
700 1 |
| a |
|
Гуэрчиа |
| b |
|
А. |
| 1 |
|
702 1 |
| a |
|
Слова неизвестного автора |
| 4 |
|
520 |
| 1 |
|
2001 |
| a |
|
Нет, не любил он... |
| 464 |
Аналитический уровень |
_0 |
| 1 |
|
036 |
| t |
|
Не говорите мне о нём... |
| 1 |
|
700 1 |
| a |
|
Перотте |
| b |
|
М. |
| 1 |
|
702 1 |
| a |
|
Перотте |
| b |
|
М. |
| 4 |
|
520 |
| 1 |
|
2001 |
| a |
|
Он виноват... |
| 464 |
Аналитический уровень |
_0 |
| 1 |
|
700 1 |
| a |
|
Фальбинов |
| 1 |
|
702 1 |
| a |
|
Дулькевич |
| b |
|
Н. |
| 4 |
|
520 |
| 1 |
|
2001 |
| a |
|
Как хороши те очи!.. |
| 464 |
Аналитический уровень |
_0 |
| 1 |
|
700 1 |
| a |
|
Толстой |
| b |
|
М. |
| 1 |
|
702 1 |
| a |
|
Толстая |
| b |
|
А. |
| 4 |
|
520 |
| 1 |
|
2001 |
| a |
|
Мы вышли в сад... |
| 464 |
Аналитический уровень |
_0 |
| 1 |
|
036 |
| t |
|
Снился мне сад в подвенечном уборе... |
| 1 |
|
700 1 |
| a |
|
Борисов |
| b |
|
В. |
| 1 |
|
702 1 |
| a |
|
Дитерихс |
| b |
|
Е. |
| 4 |
|
520 |
| 1 |
|
2001 |
| a |
|
Звезды на небе |
| 464 |
Аналитический уровень |
_0 |
| 1 |
|
036 |
| t |
|
Льет ливмя дождь, несутся тучи... |
| 1 |
|
700 1 |
| a |
|
Кушелев-Безбородко |
| b |
|
г |
| 1 |
|
2001 |
| a |
|
Тебя здесь нет, но ты со мною |
| 464 |
Аналитический уровень |
_0 |
| 1 |
|
700 1 |
| a |
|
Кушелев-Безбородко |
| b |
|
Г. |
| 1 |
|
702 1 |
| a |
|
Тютчев |
| b |
|
Ф. |
| 4 |
|
520 |
| 1 |
|
2001 |
| a |
|
Что ты клонишь над водами |
| 464 |
Аналитический уровень |
_0 |
| 1 |
|
036 |
| t |
|
Ночь светла, над рекой тихо светит луна... |
| 1 |
|
700 1 |
| a |
|
Шишкин |
| b |
|
М. |
| 1 |
|
2001 |
| a |
|
Ночь светла... |
| 464 |
Аналитический уровень |
_0 |
| 1 |
|
036 |
| t |
|
Полети, прогреми... |
| 1 |
|
700 1 |
| a |
|
Донауров |
| b |
|
С. |
| 1 |
|
2001 |
| a |
|
Песня удалая... |
| 464 |
Аналитический уровень |
_0 |
| 1 |
|
700 1 |
| a |
|
Тарновская |
| b |
|
Е. |
| 1 |
|
702 1 |
| a |
|
Плещеев |
| b |
|
А. |
| 4 |
|
520 |
| 1 |
|
2001 |
| a |
|
Я помню все... |
| 464 |
Аналитический уровень |
_0 |
| 1 |
|
036 |
| t |
|
Я вас любил; любовь еще, быть может... |
| 1 |
|
700 1 |
| a |
|
Шереметев |
| b |
|
Б. |
| 1 |
|
702 1 |
| a |
|
Пушкин |
| b |
|
А. |
| 4 |
|
520 |
| 1 |
|
2001 |
| a |
|
Я вас любил |
| 606 |
Тематические рубрики |
0_ |
| a |
Основная рубрика |
Сольное пение |
| x |
Основная подрубрика |
Романсы русских композиторов |
| x |
Основная подрубрика |
Старинные романсы |
| 610 |
Ключевые слова |
0_ |
| a |
Ключевые слова |
сольное пение; романсы русских композиторов; старинные романсы и песни |
| 686 |
Индексы других классификаций |
__ |
| a |
Классификационный индекс |
85.943.4-043.3(28)я43 |
| 2 |
Код системы |
rubbk |
| 686 |
Индексы других классификаций |
__ |
| 2 |
Код системы |
rubbk |
| 801 |
Источник записи |
_0 |
| a |
Страна |
RU |
| b |
Организация |
Ульяновская ОНБ |
| c |
Дата составления |
20250907 |
| g |
Правила каталогизации |
RCR |
| 801 |
Источник записи |
_1 |
| a |
Страна |
RU |
| b |
Организация |
Ульяновская ОНБ |
| c |
Дата составления |
20250907 |
| 901 |
Тип документа |
__ |
| t |
Тип документа |
m |
| 909 |
Создатель записи |
__ |
| a |
Создатель записи |
Никитина Т. А. |
| b |
Дата создания записи |
20250907 |